<?xml version="1.0" encoding="UTF-8"?><?xml-stylesheet type="text/xsl" href="static/style.xsl"?><OAI-PMH xmlns="http://www.openarchives.org/OAI/2.0/" xmlns:xsi="http://www.w3.org/2001/XMLSchema-instance" xsi:schemaLocation="http://www.openarchives.org/OAI/2.0/ http://www.openarchives.org/OAI/2.0/OAI-PMH.xsd"><responseDate>2026-06-04T04:53:44Z</responseDate><request verb="GetRecord" identifier="oai:recam.amb.cat:20.500.14439/4691" metadataPrefix="marc">https://recam.amb.cat/rest/oai/request</request><GetRecord><record><header><identifier>oai:recam.amb.cat:20.500.14439/4691</identifier><datestamp>2026-04-23T08:56:24Z</datestamp><setSpec>com_20.500.14439_2794</setSpec><setSpec>com_20.500.14439_113</setSpec><setSpec>col_20.500.14439_4201</setSpec></header><metadata><record xmlns="http://www.loc.gov/MARC21/slim" xmlns:dcterms="http://purl.org/dc/terms/" xmlns:xsi="http://www.w3.org/2001/XMLSchema-instance" xmlns:doc="http://www.lyncode.com/xoai" xsi:schemaLocation="http://www.loc.gov/MARC21/slim http://www.loc.gov/standards/marcxml/schema/MARC21slim.xsd">
   <leader>00925njm 22002777a 4500</leader>
   <datafield ind2=" " ind1=" " tag="042">
      <subfield code="a">dc</subfield>
   </datafield>
   <datafield ind2=" " ind1=" " tag="720">
      <subfield code="a">Institut d'Estudis Regionals i Metropolitans de Barcelona</subfield>
      <subfield code="e">author</subfield>
   </datafield>
   <datafield ind2=" " ind1=" " tag="260">
      <subfield code="c">1994-02-01</subfield>
   </datafield>
   <datafield ind2=" " ind1=" " tag="520">
      <subfield code="a">Les grans operacions sobre les xarxes ferroviàries que hom preveu de realitzar en un futur proper a la regió metropolitana de Barcelona tenen implicacions urbanístiques d'extraordinària importància. Per tal d'estudiar els diversos aspectes de la qüestió el Gabinet d'Estudis Urbanístics de l'Ajuntament de Barcelona i l'Institut d'Estudis Metropolitans de Barcelona organitzaren, el mes de novembre de 1993, el seminari «La xarxa ferroviària a la regió metropolitana de Barcelona: encaix urbà i impacte territorial». Participaren a la reunió una seixantena d'experts, procedents de l'administració (ajuntaments, entitats metropolitanes, Generalitat de Catalunya i Ministeri d'Obres Públiques, Transports i Medi Ambient), de les empreses ferroviàries (RENFE, Ferrocarrils de la Generalitat, Ferrocarril Metropolità de Barcelona), de la universitat i de firmes consultores.
El present quadern recull les ponències que es presentaren en el seminari, que, com el lector vera, tracten tres temes complementaris; el paper de la xarxa ferroviaria en la vertebració de lespai metropolita barceloni (treballs de Juli Esteban i Jordi Prat); el traçat de les noves linies i el seu impacte territorial (ponències de Manuel Herce i de Jordi Julià i Robert Verges); l'encaix urbà i fun-cions de les estacions i els serves auxiliars (aportacions de Robert Ramirez, Manuel Acero i José Aguilera).</subfield>
   </datafield>
   <datafield ind1="8" ind2=" " tag="024">
      <subfield code="a">8488068336</subfield>
   </datafield>
   <datafield ind1="8" ind2=" " tag="024">
      <subfield code="a">https://hdl.handle.net/20.500.14439/4691</subfield>
   </datafield>
   <datafield ind1="8" ind2=" " tag="024">
      <subfield code="a">B 13957</subfield>
   </datafield>
   <datafield tag="653" ind2=" " ind1=" ">
      <subfield code="a">Carreteres</subfield>
   </datafield>
   <datafield tag="653" ind2=" " ind1=" ">
      <subfield code="a">Urbanisme</subfield>
   </datafield>
   <datafield tag="653" ind2=" " ind1=" ">
      <subfield code="a">Trens d'alta velocitat</subfield>
   </datafield>
   <datafield ind2="0" ind1="0" tag="245">
      <subfield code="a">La xarxa ferroviària: encaix urbà i impacte territorial. Papers, 16</subfield>
   </datafield>
</record></metadata></record></GetRecord></OAI-PMH>